|
|
|
|
| LEADER |
00851nam a2200229 i 4500 |
| 001 |
c000124859 |
| 003 |
CARM |
| 005 |
00000000000000.0 |
| 008 |
840831s1946 fr 0 eng d |
| 019 |
1 |
|
|a 9247475
|5 LACONCORD2021
|
| 035 |
|
|
|a (OCoLC)221291054
|5 LACONCORD2021
|
| 100 |
1 |
|
|a Duveau, Georges,
|d 1903-1958.
|
| 245 |
1 |
0 |
|a La vie ouvriere en France, sous le Second Empire :
|b preface par Edouard Dolleans.
|
| 250 |
|
|
|a 7. ed.
|
| 260 |
|
|
|a [Paris] :
|b Gallimard,
|c [1946].
|
| 300 |
|
|
|a 605 p.
|
| 490 |
0 |
|
|a "La Suite des temps" ;
|v 14
|
| 500 |
|
|
|a Bibliography: p.[19]-35.
|
| 650 |
|
0 |
|a Working class
|z France.
|
| 852 |
8 |
|
|b CARM
|h A2:AF30A0
|i B01475
|p 0070695
|f BK
|
| 999 |
f |
f |
|i 5607f3a7-9e03-5696-9c1f-f88a0a19bbe1
|s d4cb538e-0fa3-5211-8e8d-34f95762f36e
|
| 952 |
f |
f |
|p Can circulate
|a CAVAL
|b CAVAL
|c CAVAL
|d CARM 1 Store
|e B01475
|f A2:AF30A0
|h Other scheme
|i book
|m 0070695
|